008950000a22002170004500090001400000245016900014650003200183650002900215650002100244650002400265651001800289651002900307653001500336041001300351700003000364100002900394942001300423773004500436999001500481952018100496 aARb0060310aSystematic of the riodinid tribe symmachiini, with the description of a new genus and five new species from Ecuador,Venezuela and Brazil ()14aSistemática animal99296814aTaxonomía animal9824514aMariposas99302514aMorfología992917 4pBrasil992749 4dChocópColombia992749 fRiodinidae0 aInglés1 aWillmott, Keith R.9936981 aHall, Jason P. W.993699 cARTICULO1 tLambillionea31156h4q637-660d1996g96 c9695d9695 001040718HEMEROTECAaBogotabBogotad2015-02-27eFerreira Miani, PaolahFuera de circulaciónl0oAR 00603p010919r2015-03-25 00:00:00t1w2015-03-25xDonaciónyARTICULO